| 000 | 00434nam a2200169Ia 4500 | ||
|---|---|---|---|
| 003 | GCL | ||
| 008 | 140319s9999 xx 000 0 ara d | ||
| 040 |
_aGCL / _cGCL |
||
| 082 | 0 | 4 |
_aد _b050 |
| 100 | 1 | _aمحمود عوض | |
| 245 | 1 | 0 |
_aافكار ضد الرصاص (اقرا 357 ) / _cمحمود عوض |
| 300 | _a192 | ||
| 490 |
_aاقرأ _v0 |
||
| 650 | 0 | 4 | _aتراجم ذاتية |
| 650 | 0 | 4 | _aمتفرقات |
| 942 |
_2ddc _cBK |
||
| 999 |
_c48750 _d48750 |
||